LEADER 01389nam a2200277 a 4500 001 000000130859 003 CaOOAMICUS 005 20121009145145.0 008 121009s2012 it u000 u ita r 020 $a978-88-348-2956-1 040 $aPUL$bita 100 1 $aVentrella Mancini, Carmela.$0(OLS)http://pul/name/51247 245 10$aTempo divino e identità religiosa :$bculto rappresentanza simboli dalle origini all'VIII secolo /$cCarmela Ventrella Mancini. 260 $aTorino :$bG. Giappichelli,$c©2012. 300 $aIX, 224 p. ;$c23 cm 490 1 $aCollana di studi di diritto canonico ed ecclesiastico.$aSezione canonistica ;$v43 504 $aComprende indicazioni bibliografiche in nota. 650 4$aIdentità (Teologia).$0(OLS)http://pul/subject/33673 830 0$aCollana di studi di diritto canonico ed ecclesiastico.$pSezione canonistica ;$v43.$0(OLS)http://pul/title/11570 850 $aPUL 852 $aPUL$W1$xSL Diritto Canonico 3$y77$m262. 99 CAN.7 1.1.43$j151259$qDDC 21$B150005$CPULBib$Z2$F150005 $H121016 $82 941 1 $a9 996 $6020$a978-88-348-2956-1$9(OLS)http://pul/number/150832 996 $6245$aTempo divino e identità religiosa :$bculto rappresentanza simboli dalle origini all'VIII secolo$9(OLS)http://pul/title/165372 996 $6260$aTorino :$bG. Giappichelli$9(OLS)http://pul/publisher/49130 LEADER 01390nam a2200301 u 4500 001 000000039469 003 CaOOAMICUS 005 20070226114007.0 008 980514s1982 mau u000 u eng u 020 $a0815804075 035 $a10794444 040 $aPUL(R)$bita 100 1 $aCostanzo, Joseph F.$0(OLS)http://pul/name/29357 245 10$aPolitical and legal studies /$cby Joseph F. Costanzo, S.J. 260 $aWest Hanover :$bThe Christopher Publishing House,$c1982. 300 $a2 v. ;$c23 cm 504 $aBibliografia p. 456-466. 505 0 $av. 1. Politeia -- v. 2. Studies in american constitutional law. 650 4$aDiritto costituzionale$zStati Uniti$xCritica e interpretazione.$0(OLS)http://pul/subject/9081 850 $aPUL 852 $aPUL$W1$xSL Diritto e Scienze Sociali 1$y4$m176 G 4-5$j53715$nBK-PRI$b $qStampati$B53715$CPULBib$Z2$F53715 $H $81 852 $aPUL$W1$xSL Diritto e Scienze Sociali 1$y4$m176 G 4-5$j53715$nBK-PRI$b $qStampati$B53716$CPULBib$Z2$F53716 $H $81 941 1 $a8 961 $aINV: 49781, 49782 961 $aINV: 49781, 49782 996 $6020$a0815804075$9(OLS)http://pul/number/49126 996 $6245$aPolitical and legal studies$9(OLS)http://pul/title/53423 996 $6260$aWest Hanover :$bThe Christopher Publishing House$9(OLS)http://pul/publisher/64035